000 00687nam a22002057a 4500
999 _c164360
_d164360
005 20190516160312.0
010 _aB-121970
020 _a8170419069
035 _aB-121970
037 _bDBAD/PUB
082 _a004.6
100 _aPankaj,S.
245 _aComputer Networking/
_cby Pankaj S.
260 _aNew Delhi
_bKul Bhushan Nangia (A.P.H. Publishing Corporation)
_c2004
270 _a5,Ansari Road, Darya Ganj
_bNew Delhi
_e110002
_k23274050
_maph@mantraonline.com
300 _a566p.
_c20cm.(hbk)
500 _aIt includes index.
942 _2ddc
_cEN
_h004.6
_mPAN